00892nam a2200253Ia 4500003000400000005001700004008004000021020001800061040000700079041000800086082001300094100002700107245002700134250000600161260003400167300001300201650003000214690002000244906001100264942001200275999001900287952015400306952017800460OSt20250531095420.0210210b2004 xxu||||| |||| 00| 0 eng d a9971 51 253 X cAL aeng a512 HERT aHERSTEIN (I N)9211969 aTopics in algebra Ed 2 a2 aNYbJohn Wiley and Sonsc2004 axi,388p. aTopics in algebra9211970 aAlgebra9211971 a059747 2ddccBK c106739d106739 00102ddc40708MATaALbALcSKd2021-02-17eHigginbothams (P) Ltd., Mangalore 01.g256.00l0o512 HERTp059747r2021-02-17 00:00:00w2021-02-17yBK 001040708MathematicsaALbALcMathematicsd2021-02-17eHigginbothams (P) Ltd., Mangalore 01.g256.00l1o512 HERTp059748r2024-12-18 00:00:00s2024-12-09w2021-02-17yBK